banner-ar

COUNTRY, U.S.A : (Record no. 4837)

MARC details
000 -الفاتح
حقل البيانات ثابتة الطول 00543nam a2200181Ia 4500
008 - عناصر البيانات ثابتة الطول - معلومات عامة
حقل البيانات ثابتة الطول 140319s9999 xx 000 0 eng d
020 ## - الرقم الدولى المعيارى للكتب
الرقم الدولى المعيارى للكتاب 096246179
040 ## - مصدر الفهرسة
وكالة الفهرسة الأصلية GCL /
وكالة النسخ GCL
082 04 - رقم تصنيف ديوى العشرى
رقم التصنيف 917.3
رقم المادة B C
100 1# - المدخل الرئيسى - إسم شخصى
الإسم الشخصى BROOKS, RICHARD E
245 10 - بيان العنوان
العنوان COUNTRY, U.S.A :
بقية العنوان PHOTOGRAPHED BY 102 OF AMERICA'S BEST PHOTOGRAPHERS /
بيان المسئوليه,etc BROOKS, RICHARD E
700 1# - المدخل الاضافى - اسم شخصى
الإسم الشخصى STRACK, CLANCY
300 ## - الوصف المادى
التعداد 187
تفاصيل ماديه اخرى للوعاء COL. ILL ؛
أبعاد الوعاء 23 \ 30 cm.
650 04 - المدخل الاضافى بالموضوع-مصطلح موضوعى
مصطلح موضوعي UNITED STATES - DESCRIPTION AND TRAVELS
942 ## - عناصر المدخل الإضافي( كوها)
مصدر التصنيف او مخطط الترفيف Dewey Decimal Classification
Koha [default] item type كتاب
260 ## - PUBLICATION, DISTRIBUTION, ETC. (IMPRINT)
-- [S.N] :
-- SILVER IMAGE
Holdings
حالة التراجع حالة الفقد حالة تلف ليس للاعارة المكان المؤقت الموقع الحالى تاريخ الاكتساب اجمالي اﻻعارات رقم الطلب الباركود تاريخ اخر مشاهدة تاريخ تفعيل السعر نوع وعاء كوها
        مكتبة القاهرة الكبرى مكتبة القاهرة الكبرى 03/26/2014   917.3\B C 10829 03/26/2014 03/26/2014 كتاب

Powered By

EGPV